<The> Insurance and Commercial Insurance Market of Part of the Financial Market in Slovakia

Salvato in:
Dettagli Bibliografici
Autore principale: Drugdová, Barbora
Natura: Capitolo di libro
Lingua:inglese
Soggetti:
Tags: Aggiungi Tag
Nessun Tag, puoi essere il primo ad aggiungerne!!

MARC

LEADER 00000nla a2200000 4500
001 0204329
005 20240502083513.3
041 0 |a eng 
044 |a AT 
245 1 0 |a <The> Insurance and Commercial Insurance Market of Part of the Financial Market in Slovakia  |c Barbora Drugdová 
610 2 0 |a poisťovníctvo 
610 2 0 |a poistenie 
610 2 0 |a poistenie životné 
610 2 0 |a poistenie neživotné 
610 2 0 |a poistenie podnikov 
610 2 0 |a trh poistný 
610 2 0 |a Slovensko 
100 1 |a Drugdová, Barbora